000 00509nam a2200205Ia 4500
005 20240823021321.0
008 240823s9999||||xx |||||||||||||| ||und||
020 _a81-203-3030-7
041 _aENGLISH
082 _A621.3822 P7
100 _a"Proakias,John G"
245 0 _aDigital Signal Processing
250 _a4th
260 _c2007
_b"PHI,.New "
_aNew Delhi
500 _aYES
650 _aSignal Processing
_bElectronics
700 _a" Manolakis,Dimitris G"
942 _cBK
999 _c176777
_d176777